000 00650nam a2200277Ia 4500
005 20260324114942.0
008 008 260324s9999 xx 000 0 eng d
020 _a9780429293962
037 _aEBOOK
040 _aCRL
040 _beng
040 _cCRL
041 _2eng
041 _aeng
084 _qCRL
100 _aPartha Pratim Sahu
_91152795
245 0 _aAdvances in Optical Networks and Components
260 _bTaylor and Francis
260 _c2020
365 _a
365 _b305
856 _uhttp://www.taylorfrancis.com/books/9780429293962
942 _cEBOOK
999 _c1743298
_d1743298